000 00634nam a22001937a 4500
005 20251108163346.0
008 250721s1994 xx 000 0 ara d
082 1 4 _a214.2/قيم
100 1 _aإبن قيم الجوزية، شمس الدين
245 1 0 _aأغاثة اللهفان من مصائد الشيطان /
264 1 _aبيروت :
_bمؤسسة الرسالة،
_c1994.
300 _a
650 1 7 _aأصول الدين الإسلامي
650 1 7 _aالشيطان
700 1 _aعبد المنان، حسان
_eتحقيق
700 1 _aالحرستاني، فارس
_eتحقيق
942 _2ddc
_cBK
999 _c694
_d694